Rural economic enquiries in the Hyderabad State, 1949-51, (Record no. 67001)

MARC details
000 -LEADER
fixed length control field 00673cam a22002171 4500
001 - CONTROL NUMBER
control field sa 66000045
003 - CONTROL NUMBER IDENTIFIER
control field DLC
005 - DATE AND TIME OF LATEST TRANSACTION
control field 20260227112212.0
008 - FIXED-LENGTH DATA ELEMENTS--GENERAL INFORMATION
fixed length control field 840427s1951 ii ab s000 0 eng
010 ## - LIBRARY OF CONGRESS CONTROL NUMBER
LC control number sa 66000045
035 ## - SYSTEM CONTROL NUMBER
System control number (OCoLC)21638663
040 ## - CATALOGING SOURCE
Original cataloging agency DLC
Transcribing agency CU
Modifying agency DLC
042 ## - AUTHENTICATION CODE
Authentication code premarc
050 00 - LIBRARY OF CONGRESS CALL NUMBER
Classification number HC437.H9
Item number I9
100 1# - MAIN ENTRY--PERSONAL NAME
Personal name Iyengar, S. Kesava,
Dates associated with a name 1894-
245 10 - TITLE STATEMENT
Title Rural economic enquiries in the Hyderabad State, 1949-51,
260 ## - PUBLICATION, DISTRIBUTION, ETC.
Place of publication, distribution, etc. Hyderabad,
Name of publisher, distributor, etc. Govt. Press,
Date of publication, distribution, etc. 1951.
300 ## - PHYSICAL DESCRIPTION
Extent xx, 658 p.
Other physical details illus., fold. col. maps.
Dimensions 25 cm.
651 #0 - SUBJECT ADDED ENTRY--GEOGRAPHIC NAME
Geographic name Hyderabad (India : State)
General subdivision Economic conditions.
651 #0 - SUBJECT ADDED ENTRY--GEOGRAPHIC NAME
Geographic name Hyderabad (India : State)
General subdivision Rural conditions.

No items available.

Powered by Koha